চলিত ইসলামি শব্দকোষ : (Record no. 44041)
[ view plain ]
| 000 -LEADER | |
|---|---|
| fixed length control field | 01001nam a2200253 a 4500 |
| 001 - CONTROL NUMBER | |
| control field | 44041 |
| 003 - CONTROL NUMBER IDENTIFIER | |
| rucl marc code | BD-RjUL |
| 005 - DATE AND TIME OF LATEST TRANSACTION | |
| control field | 20211209053806.0 |
| 008 - FIXED-LENGTH DATA ELEMENTS--GENERAL INFORMATION | |
| fixed length control field | 160713s2008 ii ||||| |||| 00| 0 ben d |
| 020 ## - INTERNATIONAL STANDARD BOOK NUMBER | |
| International Standard Book Number | 9788129511287 |
| Terms of availability | : IRs. 150.00 |
| 035 ## - SYSTEM CONTROL NUMBER | |
| System control number | (BD-RjUL)44159 |
| 040 ## - CATALOGING SOURCE | |
| Original cataloging agency | BD-RjUL |
| Language of cataloging | ben |
| Transcribing agency | BD-RjUL |
| Modifying agency | BD-RjUL |
| 041 ## - LANGUAGE CODE | |
| Language code of text/sound track or separate title | ben |
| 082 ## - DEWEY DECIMAL CLASSIFICATION NUMBER | |
| Edition number | 23 |
| Classification number | 297.03 |
| Author mark and year | DAC 2011 |
| 100 ## - MAIN ENTRY--PERSONAL NAME | |
| Personal name | দত্ত, মিলন |
| 9 (RLIN) | 135273 |
| 245 10 - TITLE STATEMENT | |
| Title | চলিত ইসলামি শব্দকোষ : |
| Remainder of title | সঙ্গে প্রচলিত মুসলমান নামের তালিকা / |
| Statement of responsibility, etc. | মিলন দত্ত |
| 250 ## - EDITION STATEMENT | |
| Edition statement | ১ম দে'জ সং. |
| 260 ## - PUBLICATION, DISTRIBUTION, ETC. (IMPRINT) | |
| Place of publication, distribution, etc. | কলকাতা: |
| Name of publisher, distributor, etc. | দে'জ পাবলিশিং, |
| Date of publication, distribution, etc. | ২০১১ |
| 300 ## - PHYSICAL DESCRIPTION | |
| Pagination | ৩৩৬ পৃ. ; |
| Size | ১৮ সেমি. |
| 504 ## - BIBLIOGRAPHY, ETC. NOTE | |
| Bibliography, etc | গ্রন্থপঞ্জি পৃ. [৩৩২]-৩৩৬ |
| 650 ## - SUBJECT ADDED ENTRY--TOPICAL TERM | |
| Topical term or geographic name as entry element | ইসলাম |
| Form subdivision | অভিধান |
| 9 (RLIN) | 135274 |
| Topical term or geographic name as entry element | Islam |
| Form subdivision | Dictionaries |
| 9 (RLIN) | 135275 |
| 942 ## - ADDED ENTRY ELEMENTS (KOHA) | |
| Source of classification or shelving scheme | Dewey Decimal Classification |
| Koha item type | Reference |
| Lost status | Source of classification or shelving scheme | Damaged status | Not for loan | Collection code | Permanent Location | Current Location | Shelving location | Date acquired | Source of acquisition | Cost, normal purchase price | Total Checkouts | Full call number | Date last seen | Copy number | Koha item type |
|---|---|---|---|---|---|---|---|---|---|---|---|---|---|---|---|
| Dewey Decimal Classification | Not For Loan | Non-fiction | Central Library, University of Rajshahi | Central Library, University of Rajshahi | 22/06/2015 | Chittagaon, Batighor | 300.00 | BR 297.03 DAC 2011 | 13/07/2016 | C-1 | Reference |